000 00414nam a2200181Ia 4500
008 210210b1912 xxu||||| |||| 00| 0 eng d
041 _aeng
082 _a930/117
100 _aTUCKER (T G)
245 _aLife in ancient Athens
260 _aLondon
_bMacmillan & Co. Ltd.
_c1912
650 _aLife
650 _ain
650 _aAthens
650 _aancient
690 _aAncient History
906 _a025030
999 _c150730
_d150730